[Event "4NCL/Div2/WWKS1 vs. WES1"]
[Site "Coventry ENG"]
[Date "2006.11.11"]
[Round "3.5"]
[White "Pitcher, John"]
[Black "Yeo, Michael J"]
[Result "1-0"]
[WhiteElo "2194"]
[BlackElo "2161"]
[PlyCount "71"]
[EventDate "2006.11.11"]
[EventType "team"]
[EventRounds "11"]
[EventCountry "ENG"]
[WhiteTeam "Warks Select 1"]
[BlackTeam "Wessex 1"]

1. e4 e5 2. Bc4 Nf6 3. d3 Bc5 4. Nc3 Nc6 5. f4 d6 6. Nf3 a6 7. Nd5 Nxd5 8. Bxd5
O-O 9. f5 Nd4 10. Nxd4 Bxd4 11. c3 Ba7 12. Qe2 c6 13. Bb3 d5 14. Bd2 Kh8 15.
O-O-O f6 16. g4 b5 17. h4 Bb7 18. Qg2 Qe8 19. g5 Qh5 20. Rdf1 dxe4 21. dxe4
Rad8 22. g6 hxg6 23. Bd1 Rxd2 24. Qxd2 Qh6 25. Qxh6+ gxh6 26. fxg6 Be3+ 27. Kb1
c5 28. Bc2 f5 29. Rh3 Bf4 30. exf5 Bc8 31. Rhf3 Bxf5 32. Bxf5 Rxf5 33. Rd3 Kg7
34. Rg1 Rf8 35. Rd7+ Kf6 36. Kc2 1-0

[Event "4NCL/Div2/WWKS1 vs. WES1"]
[Site "Coventry ENG"]
[Date "2006.11.11"]
[Round "3.6"]
[White "Neil, David R"]
[Black "Fallowfield, Jeremy"]
[Result "1-0"]
[WhiteElo "2172"]
[BlackElo "2060"]
[PlyCount "57"]
[EventDate "2006.11.11"]
[EventType "team"]
[EventRounds "11"]
[EventCountry "ENG"]
[WhiteTeam "Wessex 1"]
[BlackTeam "Warks Select 1"]

1. c4 g6 2. g3 Bg7 3. Bg2 Nf6 4. Nc3 O-O 5. e4 d6 6. d3 c5 7. Nf3 Nc6 8. O-O
Ne8 9. Be3 Nd4 10. Ne1 e5 11. Qd2 Nc7 12. Bh6 Nce6 13. Bxg7 Kxg7 14. f4 f6 15.
Nf3 Nxf3+ 16. Rxf3 Nd4 17. Rf2 a6 18. Raf1 Be6 19. f5 Bg8 20. h4 b5 21. b3 Ra7
22. Bh3 Kh8 23. fxg6 hxg6 24. Qh6+ Bh7 25. Nd5 Raf7 26. h5 gxh5 27. Nxf6 Ne2+
28. Kh2 Nf4 29. Nxh5 1-0

[Event "4NCL/Div2/WWKS1 vs. WES1"]
[Site "Coventry ENG"]
[Date "2006.11.11"]
[Round "3.7"]
[White "Baruch, Andrew J D"]
[Black "Simons, Martin J"]
[Result "1/2-1/2"]
[WhiteElo "2084"]
[BlackElo "2238"]
[PlyCount "71"]
[EventDate "2006.11.11"]
[EventType "team"]
[EventRounds "11"]
[EventCountry "ENG"]
[WhiteTeam "Warks Select 1"]
[BlackTeam "Wessex 1"]

1. Nf3 d6 2. g3 e5 3. d3 f5 4. Bg2 Nf6 5. c4 Be7 6. Nc3 O-O 7. Bg5 h6 8. Bxf6
Bxf6 9. O-O Qe8 10. Rc1 Qh5 11. Nd5 Bd8 12. c5 Nc6 13. b4 Be6 14. Nd2 Qf7 15.
Nc3 Nxb4 16. Bxb7 Rb8 17. Bg2 Nxa2 18. Nxa2 Bxa2 19. Ra1 Bd5 20. e4 fxe4 21.
dxe4 Bc6 22. Rxa7 Bb5 23. cxd6 Bxf1 24. Qxf1 Rb6 25. dxc7 Bxc7 26. Qc4 Rc6 27.
Bf1 Kh7 28. Qxf7 Rxf7 29. Nc4 Rcf6 30. Ra2 Bb8 31. Ne3 Ba7 32. Bc4 Rc7 33. Nd5
Bxf2+ 34. Kg2 Rxc4 35. Nxf6+ gxf6 36. Rxf2 1/2-1/2

[Event "4NCL/Div2/WWKS1 vs. WES1"]
[Site "Coventry ENG"]
[Date "2006.11.11"]
[Round "3.8"]
[White "Khoo, Selina"]
[Black "Malik, Dani"]
[Result "1-0"]
[WhiteElo "2010"]
[BlackElo "1960"]
[PlyCount "45"]
[EventDate "2006.11.11"]
[EventType "team"]
[EventRounds "11"]
[EventCountry "ENG"]
[WhiteTeam "Wessex 1"]
[BlackTeam "Warks Select 1"]

1. e4 e5 2. Bc4 Nf6 3. d3 Nc6 4. Nc3 Bb4 5. Bg5 h6 6. Bxf6 Qxf6 7. Nge2 d6 8.
O-O Be6 9. Nd5 Bxd5 10. Bxd5 Bc5 11. c3 O-O 12. b4 Bb6 13. Kh1 Qh4 14. Qd2 Kh8
15. f4 Rab8 16. Ng3 Ne7 17. fxe5 Nxd5 18. exd5 dxe5 19. Rae1 Rbe8 20. Re4 Qg5
21. Qe1 g6 22. d4 f6 23. h4 1-0

[Event "4NCL/Div2/BARY vs. GUI3"]
[Site "Coventry ENG"]
[Date "2006.11.11"]
[Round "3.1"]
[White "Hodgson, John H"]
[Black "Muir, Andrew J"]
[Result "0-1"]
[WhiteElo "2236"]
[BlackElo "2341"]
[PlyCount "100"]
[EventDate "2006.11.11"]
[EventType "team"]
[EventRounds "11"]
[EventCountry "ENG"]
[WhiteTeam "Barbican Yth"]
[BlackTeam "Guildford-ADC 3"]

1. e4 c5 2. Nf3 d6 3. Bc4 Nf6 4. d3 Bg4 5. e5 d5 6. Bb3 Ng8 7. h3 Bxf3 8. Qxf3
e6 9. Ba4+ Nc6 10. Bxc6+ bxc6 11. Qe2 Ne7 12. Nd2 Nf5 13. c3 Be7 14. Nf3 h5 15.
h4 g6 16. g3 a5 17. Kf1 a4 18. Kg2 Kf8 19. Bg5 Bxg5 20. Nxg5 Kg7 21. Nf3 Qe7
22. Rac1 Rhb8 23. Rc2 Rb6 24. Rd1 Rab8 25. Rdd2 Qa7 26. a3 Rb3 27. Qd1 Qa6 28.
Re2 c4 29. d4 Qb7 30. Qd2 c5 31. Kh3 Qb6 32. dxc5 Qxc5 33. Nd4 Nxd4 34. Qxd4
Qxd4 35. cxd4 Rd3 36. Red2 Rbb3 37. Kg2 g5 38. hxg5 Kg6 39. Rxd3 Rxd3 40. Rc3
Rxd4 41. Rf3 Rg4 42. Kf1 Rxg5 43. Re3 Rg4 44. Ke1 d4 45. Re2 Kf5 46. Rc2 d3 47.
Rc3 Re4+ 48. Kd1 Kxe5 49. f3 Rd4 50. Kd2 h4 0-1

[Event "4NCL/Div2/BARY vs. GUI3"]
[Site "Coventry ENG"]
[Date "2006.11.11"]
[Round "3.2"]
[White "Richardson, Keith B"]
[Black "Dorrington, Christopher"]
[Result "0-1"]
[WhiteElo "2273"]
[BlackElo "2231"]
[PlyCount "72"]
[EventDate "2006.11.11"]
[EventType "team"]
[EventRounds "11"]
[EventCountry "ENG"]
[WhiteTeam "Guildford-ADC 3"]
[BlackTeam "Barbican Yth"]

1. c4 e6 2. Nf3 Nf6 3. g3 d5 4. Bg2 Be7 5. O-O O-O 6. d4 c6 7. b3 b6 8. Bb2 Ba6
9. Nbd2 Nbd7 10. Qc2 Rc8 11. e4 dxe4 12. Nxe4 Nxe4 13. Qxe4 c5 14. Rad1 Nf6 15.
Qe2 Qc7 16. Ne5 cxd4 17. Nc6 Bb7 18. Nxa7 Bxg2 19. Nxc8 Bxf1 20. Nxe7+ Qxe7 21.
Kxf1 e5 22. Kg1 Qc7 23. b4 Rd8 24. a3 h5 25. Rc1 e4 26. c5 bxc5 27. Rxc5 Qd6
28. Rc4 Qa6 29. Qf1 d3 30. Rc1 h4 31. Rd1 Ng4 32. Bc1 hxg3 33. hxg3 Qg6 34. Kg2
Qh5 35. Qh1 Qxh1+ 36. Rxh1 d2 0-1

[Event "4NCL/Div2/BARY vs. GUI3"]
[Site "Coventry ENG"]
[Date "2006.11.11"]
[Round "3.3"]
[White "Farrand, Julian T"]
[Black "Granat, Russell G"]
[Result "0-1"]
[WhiteElo "2154"]
[BlackElo "2257"]
[PlyCount "132"]
[EventDate "2006.11.11"]
[EventType "team"]
[EventRounds "11"]
[EventCountry "ENG"]
[WhiteTeam "Barbican Yth"]
[BlackTeam "Guildford-ADC 3"]

1. d4 d5 2. Nc3 Nf6 3. Bg5 Nc6 4. e3 e6 5. a3 a6 6. Bd3 Bd6 7. Nf3 Ne7 8. e4
dxe4 9. Nxe4 Nxe4 10. Bxe4 f6 11. Bd2 c5 12. dxc5 Bxc5 13. b4 f5 14. Bd3 Bb6
15. Qe2 O-O 16. O-O Bd4 17. Rad1 Bf6 18. c4 Qc7 19. g3 e5 20. c5 h6 21. Bc4+
Kh7 22. Bc3 e4 23. Bxf6 Rxf6 24. Nd4 Ng6 25. f4 Bd7 26. Nc2 Ne7 27. Ne3 b6 28.
cxb6 Rxb6 29. Rc1 Rc6 30. Qd2 Rc8 31. Rc2 Qb6 32. Kg2 Rd6 33. Qe2 Ba4 34. Rd2
Rxd2 35. Qxd2 Rd8 36. Qe2 Bb5 37. Bxb5 axb5 38. Rd1 Rxd1 39. Nxd1 Nd5 40. Qd2
Qc6 41. Kf2 Qc4 42. g4 e3+ 43. Nxe3 Qxf4+ 44. Ke2 Nxe3 45. Qxe3 Qxh2+ 46. Kd3
Qb2 47. Qf4 Qb1+ 48. Kd2 Qa2+ 49. Kd1 Qd5+ 50. Kc1 fxg4 51. Qxg4 h5 52. Qh4 Qf5
53. Qd4 Qg5+ 54. Kd1 h4 55. Ke2 Qg2+ 56. Qf2 Qe4+ 57. Qe3 Qf5 58. Qf2 Qe6+ 59.
Qe3 Qc4+ 60. Kf2 Kg6 61. Kg2 Kf5 62. Qf3+ Ke6 63. Qe3+ Kd6 64. Qf2 Qg4+ 65. Kh1
Qh3+ 66. Kg1 Qg3+ 0-1

[Event "4NCL/Div2/BARY vs. GUI3"]
[Site "Coventry ENG"]
[Date "2006.11.11"]
[Round "3.4"]
[White "Anderton, Matthew N"]
[Black "Kilpatrick, Callum"]
[Result "1/2-1/2"]
[WhiteElo "2230"]
[BlackElo "2104"]
[PlyCount "51"]
[EventDate "2006.11.11"]
[EventType "team"]
[EventRounds "11"]
[EventCountry "ENG"]
[WhiteTeam "Guildford-ADC 3"]
[BlackTeam "Barbican Yth"]

1. e4 e5 2. Nf3 Nc6 3. Bb5 a6 4. Ba4 Nf6 5. O-O Be7 6. Re1 b5 7. Bb3 d6 8. c3
O-O 9. h3 Na5 10. Bc2 c5 11. d4 Nd7 12. Nbd2 exd4 13. cxd4 Nc6 14. dxc5 dxc5
15. e5 c4 16. b3 c3 17. Ne4 Ndxe5 18. Nxe5 Qxd1 19. Rxd1 Nxe5 20. Nxc3 Bb7 21.
Nd5 Bxd5 22. Rxd5 Bf6 23. Rb1 Rfd8 24. Rxd8+ Rxd8 25. Be3 Nc6 26. Be4 1/2-1/2

[Event "4NCL/Div2/BARY vs. GUI3"]
[Site "Coventry ENG"]
[Date "2006.11.11"]
[Round "3.5"]
[White "Levermore, Peter A"]
[Black "Dekker, Alain"]
[Result "1/2-1/2"]
[WhiteElo "2102"]
[BlackElo "2141"]
[PlyCount "80"]
[EventDate "2006.11.11"]
[EventType "team"]
[EventRounds "11"]
[EventCountry "ENG"]
[WhiteTeam "Barbican Yth"]
[BlackTeam "Guildford-ADC 3"]

1. e4 c5 2. c3 d5 3. exd5 Qxd5 4. d4 Nf6 5. Nf3 Bg4 6. Be2 e6 7. O-O Be7 8. h3
Bh5 9. Qa4+ Nc6 10. Rd1 O-O 11. c4 Qd6 12. dxc5 Qxc5 13. Be3 Qa5 14. Qb3 Qc7
15. Nc3 Rfd8 16. Nb5 Rxd1+ 17. Rxd1 Qb8 18. Nbd4 Nxd4 19. Bxd4 Qc8 20. Qe3 a5
21. Bb6 Nd7 22. Rxd7 Qxd7 23. Ne5 Qa4 24. Bxh5 g6 25. Bf3 Qxa2 26. Qd4 Bf6 27.
Qf4 Kg7 28. Bd4 g5 29. Qe4 Rd8 30. Qxb7 Rf8 31. Qa7 Qb1+ 32. Kh2 Qf5 33. Qc5
Rd8 34. Nc6 Qf4+ 35. g3 Qxf3 36. Bxf6+ Qxf6 37. Nxd8 Qxd8 38. Qb5 h6 39. c5 Qd4
40. Kg2 Qd5+ 1/2-1/2

[Event "4NCL/Div2/BARY vs. GUI3"]
[Site "Coventry ENG"]
[Date "2006.11.11"]
[Round "3.6"]
[White "Punnett, Alan K"]
[Black "Wells, Daniel"]
[Result "1-0"]
[WhiteElo "2107"]
[BlackElo "2025"]
[PlyCount "65"]
[EventDate "2006.11.11"]
[EventType "team"]
[EventRounds "11"]
[EventCountry "ENG"]
[WhiteTeam "Guildford-ADC 3"]
[BlackTeam "Barbican Yth"]

1. d4 Nf6 2. c4 g6 3. Nc3 Bg7 4. e4 d6 5. Nf3 O-O 6. Be2 e5 7. O-O Nc6 8. d5
Ne7 9. b4 Nh5 10. Re1 Nf4 11. Bf1 f5 12. Bxf4 exf4 13. e5 a5 14. Qb3 axb4 15.
Nb5 dxe5 16. Nxe5 h6 17. Rad1 Kh7 18. Nxc7 Qxc7 19. d6 Qb6 20. c5 Qxc5 21. dxe7
Re8 22. Qf7 Qxe7 23. Qxg6+ Kg8 24. Bc4+ Be6 25. Nc6 Qf7 26. Bxe6 Rxe6 27. Qxe6
Qxe6 28. Rxe6 bxc6 29. Rxc6 Rxa2 30. Rb6 Rb2 31. Kf1 b3 32. Rb7 Bf6 33. Rdd7
1-0

[Event "4NCL/Div2/BARY vs. GUI3"]
[Site "Coventry ENG"]
[Date "2006.11.11"]
[Round "3.7"]
[White "O'Toole, George E"]
[Black "Howell, Christopher"]
[Result "1/2-1/2"]
[WhiteElo "1935"]
[BlackElo "2119"]
[PlyCount "117"]
[EventDate "2006.11.11"]
[EventType "team"]
[EventRounds "11"]
[EventCountry "ENG"]
[WhiteTeam "Barbican Yth"]
[BlackTeam "Guildford-ADC 3"]

1. e4 c5 2. c3 e5 3. Nf3 Nc6 4. Bc4 Be7 5. O-O Nf6 6. Re1 O-O 7. d4 d6 8. Nbd2
cxd4 9. cxd4 exd4 10. Nb3 Nxe4 11. Bxf7+ Rxf7 12. Rxe4 Bf5 13. Re1 d3 14. Nbd4
Nxd4 15. Nxd4 Qd7 16. Qb3 d5 17. Nxf5 Qxf5 18. Be3 d2 19. Red1 Bf6 20. Qb4 Rd8
21. Bxa7 b6 22. Bxb6 Rb8 23. a4 d4 24. Qc5 Be5 25. Rxd2 Qf4 26. Rad1 Qxh2+ 27.
Kf1 Bd6 28. Qc6 Re7 29. g3 Bxg3 30. Bxd4 Bf4 31. Be3 Qh3+ 32. Ke2 Bxe3 33. Rd8+
Rxd8 34. Rxd8+ Kf7 35. Qd5+ Re6 36. Qd7+ Kg6 37. Qd3+ Kh6 38. fxe3 Qg2+ 39. Kd1
Qg4+ 40. Kd2 Qxa4 41. Rd4 Qa5+ 42. Qc3 Qxc3+ 43. bxc3 g5 44. c4 Kg6 45. c5 Kf5
46. Ke2 h5 47. Kf3 g4+ 48. Kf2 Ke5 49. Kg3 Rg6 50. Kh4 g3 51. Rd1 Ke4 52. Rg1
Kf3 53. c6 g2 54. c7 Rg4+ 55. Kh3 Rc4 56. Rxg2 Rxc7 57. Rg3+ Ke4 58. Kh4 Rh7
59. Rg5 1/2-1/2

[Event "4NCL/Div2/BARY vs. GUI3"]
[Site "Coventry ENG"]
[Date "2006.11.11"]
[Round "3.8"]
[White "Franklin, Samuel"]
[Black "Smith, Lucy"]
[Result "1-0"]
[WhiteElo "1880"]
[BlackElo "1860"]
[PlyCount "51"]
[EventDate "2006.11.11"]
[EventType "team"]
[EventRounds "11"]
[EventCountry "ENG"]
[WhiteTeam "Guildford-ADC 3"]
[BlackTeam "Barbican Yth"]

1. c4 e6 2. g3 Nf6 3. Nf3 d5 4. Bg2 Be7 5. O-O O-O 6. d4 Nc6 7. b3 a6 8. Bb2
Na7 9. Nbd2 Re8 10. Ne5 c6 11. e4 h6 12. Re1 Bd6 13. Nxf7 Kxf7 14. e5 Kg8 15.
exf6 Qxf6 16. cxd5 Bd7 17. Ne4 Qf8 18. Nxd6 Qxd6 19. dxe6 Bxe6 20. d5 cxd5 21.
Qd4 Qd7 22. Rxe6 Rxe6 23. Bxd5 Kh8 24. Bxe6 Qe7 25. Qe3 Qg5 26. Qxg5 1-0

[Event "4NCL/Div2/PPA1 vs. WRO"]
[Site "Coventry ENG"]
[Date "2006.11.11"]
[Round "3.1"]
[White "Swanson, Stephen"]
[Black "Van de Griendt, Jan W"]
[Result "1-0"]
[WhiteElo "2238"]
[BlackElo "2373"]
[PlyCount "85"]
[EventDate "2006.11.11"]
[EventType "team"]
[EventRounds "11"]
[EventCountry "ENG"]
[WhiteTeam "Poisnd Pawns 1"]
[BlackTeam "White Rose"]

1. e4 e6 2. d3 c5 3. f4 Nc6 4. Nf3 d6 5. Be2 Nf6 6. O-O Be7 7. Kh1 Rb8 8. Qe1
b5 9. e5 Ng8 10. Nc3 d5 11. Bd1 g6 12. Ne2 h5 13. c4 Nb4 14. Qc3 bxc4 15. dxc4
d4 16. Qd2 Nh6 17. a3 Nc6 18. Qd3 h4 19. b4 cxb4 20. Qe4 Bd7 21. Nexd4 Nxd4 22.
Nxd4 Rc8 23. Be2 h3 24. axb4 hxg2+ 25. Qxg2 Bxb4 26. Ba3 Bxa3 27. Rxa3 Qb6 28.
Rd1 Nf5 29. Nxf5 exf5 30. Rad3 Bc6 31. Bf3 Bxf3 32. Qxf3 O-O 33. Rd6 Qc5 34.
Qg2 Rc7 35. Rg1 Kg7 36. Qg5 Rfc8 37. Rxg6+ fxg6 38. Qxg6+ Kf8 39. Qh6+ Ke8 40.
Rg8+ Kd7 41. Rg7+ Qe7 42. Qd6+ Ke8 43. Rg8+ 1-0

[Event "4NCL/Div2/PPA1 vs. WRO"]
[Site "Coventry ENG"]
[Date "2006.11.11"]
[Round "3.2"]
[White "Kaid, Almar"]
[Black "Posazhennikov, Alex"]
[Result "1-0"]
[WhiteElo "2281"]
[BlackElo "2228"]
[PlyCount "129"]
[EventDate "2006.11.11"]
[EventType "team"]
[EventRounds "11"]
[EventCountry "ENG"]
[WhiteTeam "White Rose"]
[BlackTeam "Poisnd Pawns 1"]

1. c4 f5 2. g3 Nf6 3. Bg2 e5 4. d4 d6 5. Nf3 Nc6 6. dxe5 dxe5 7. Qxd8+ Kxd8 8.
Nc3 Be6 9. b3 h6 10. Bb2 Kc8 11. O-O Rg8 12. Nd5 Nxd5 13. cxd5 Bxd5 14. Nxe5
Bxg2 15. Kxg2 Nxe5 16. Bxe5 Bd6 17. Bxd6 cxd6 18. Rfd1 Kd7 19. Rd5 Rge8 20.
Rad1 Re6 21. e3 g6 22. h4 h5 23. Rc1 Rc8 24. Rxc8 Kxc8 25. Kf3 Kd7 26. Kf4 Kc6
27. Rd2 b5 28. Kg5 a5 29. Kh6 Kc5 30. Kg7 d5 31. Kf7 Rd6 32. Ke7 Ra6 33. a3
Ra7+ 34. Kf6 Kd6 35. Rc2 d4 36. exd4 Kd5 37. Kxg6 Kxd4 38. Kxh5 Kd3 39. Rc5 b4
40. axb4 axb4 41. Rc4 Ra2 42. Rxb4 Rxf2 43. Rf4 Rg2 44. Rxf5 Rxg3 45. b4 Ke4
46. Rg5 Rh3 47. b5 Rd3 48. b6 Rb3 49. Rg6 Kf5 50. Kh6 Rb4 51. h5 Rb5 52. Rc6
Kg4 53. Kg6 Rg5+ 54. Kf6 Rxh5 55. Ke7 Rg5 56. Rc4+ Kf3 57. Rb4 Rg7+ 58. Kf6 Rb7
59. Ke6 Ke3 60. Kd6 Kd3 61. Kc6 Rh7 62. b7 Kc3 63. b8=Q Rh6+ 64. Kd5 Rh5+ 65.
Ke6 1-0

[Event "4NCL/Div2/PPA1 vs. WRO"]
[Site "Coventry ENG"]
[Date "2006.11.11"]
[Round "3.3"]
[White "Moore, Gerald"]
[Black "Adams, David M"]
[Result "1-0"]
[WhiteElo "2244"]
[BlackElo "2223"]
[PlyCount "85"]
[EventDate "2006.11.11"]
[EventType "team"]
[EventRounds "11"]
[EventCountry "ENG"]
[WhiteTeam "Poisnd Pawns 1"]
[BlackTeam "White Rose"]

1. Nf3 e6 2. c4 f5 3. g3 Nf6 4. Bg2 Be7 5. O-O O-O 6. d4 d6 7. Nc3 Ne4 8. Qc2
Nxc3 9. Qxc3 a5 10. Re1 d5 11. Bd2 Nd7 12. Qd3 Nf6 13. Ne5 Ne4 14. Be3 Bd7 15.
f3 Nd6 16. Bf2 Bf6 17. b3 g5 18. Rad1 Nf7 19. Nxf7 Rxf7 20. e4 f4 21. cxd5 e5
22. Qc3 Be7 23. dxe5 Bb4 24. Qd4 Bxe1 25. Bxe1 Re7 26. Bc3 Kf8 27. e6 Bxe6 28.
Qf6+ Rf7 29. Qxe6 Ra6 30. Qe5 h6 31. Bh3 g4 32. Bxg4 Qg5 33. Qxg5 hxg5 34. Be6
Rh7 35. Be5 fxg3 36. hxg3 a4 37. b4 a3 38. d6 cxd6 39. Bxd6+ Ke8 40. Bc4 Rb6
41. e5 Rd7 42. Rd5 Kd8 43. Bb5 1-0

[Event "4NCL/Div2/PPA1 vs. WRO"]
[Site "Coventry ENG"]
[Date "2006.11.11"]
[Round "3.4"]
[White "Yepes, Eduardo"]
[Black "Dunn, Andrew"]
[Result "0-1"]
[WhiteElo "2294"]
[BlackElo "2199"]
[PlyCount "74"]
[EventDate "2006.11.11"]
[EventType "team"]
[EventRounds "11"]
[EventCountry "ENG"]
[WhiteTeam "White Rose"]
[BlackTeam "Poisnd Pawns 1"]

1. d4 d5 2. c4 c6 3. Nf3 Nf6 4. e3 a6 5. b3 Bg4 6. Nbd2 Nbd7 7. Bb2 e6 8. Bd3
Bd6 9. O-O Qc7 10. Qc2 Bh5 11. h3 Bg6 12. Rfe1 O-O 13. Bxg6 hxg6 14. e4 Bb4 15.
e5 Ne4 16. Nxe4 Bxe1 17. cxd5 exd5 18. Rxe1 dxe4 19. Qxe4 Rfe8 20. Qh4 Nf8 21.
Ng5 Qa5 22. Qe4 Ne6 23. Nxe6 Rxe6 24. f4 Qxa2 25. Qc2 Qa5 26. Re2 Qd5 27. Qc3
Rd8 28. g4 f5 29. Qe3 Rc8 30. Rc2 Rd8 31. Rg2 c5 32. dxc5 Qd1+ 33. Kh2 Rd3 34.
Qf2 Qxb3 35. gxf5 Rxh3+ 36. Kg1 Qd1+ 37. Qf1 Rh1+ 0-1

[Event "4NCL/Div2/PPA1 vs. WRO"]
[Site "Coventry ENG"]
[Date "2006.11.11"]
[Round "3.5"]
[White "Dignam, Matthew"]
[Black "Gayson, Peter M"]
[Result "1/2-1/2"]
[WhiteElo "2150"]
[BlackElo "2240"]
[PlyCount "51"]
[EventDate "2006.11.11"]
[EventType "team"]
[EventRounds "11"]
[EventCountry "ENG"]
[WhiteTeam "Poisnd Pawns 1"]
[BlackTeam "White Rose"]

1. d4 f5 2. Nc3 d5 3. g4 fxg4 4. Bg5 Nf6 5. e3 Bf5 6. Bg2 e6 7. Nge2 Nbd7 8.
Ng3 c6 9. e4 dxe4 10. Bxe4 Bxe4 11. Ngxe4 Be7 12. Bxf6 Nxf6 13. Nxf6+ Bxf6 14.
Qxg4 O-O 15. Qxe6+ Kh8 16. O-O-O Qb6 17. Qg4 Rad8 18. Ne2 Rfe8 19. Rhe1 c5 20.
Nf4 Bxd4 21. Rxe8+ Rxe8 22. c3 Bf6 23. Qh5 Rd8 24. Rxd8+ Qxd8 25. Qd5 Bg5 26.
Qxd8+ 1/2-1/2

[Event "4NCL/Div2/PPA1 vs. WRO"]
[Site "Coventry ENG"]
[Date "2006.11.11"]
[Round "3.6"]
[White "Llaneza Vega, Patricia"]
[Black "Rosen, Daniel B"]
[Result "1-0"]
[WhiteElo "2232"]
[BlackElo "2132"]
[PlyCount "71"]
[EventDate "2006.11.11"]
[EventType "team"]
[EventRounds "11"]
[EventCountry "ENG"]
[WhiteTeam "White Rose"]
[BlackTeam "Poisnd Pawns 1"]

1. e4 g6 2. d4 Bg7 3. Nc3 d6 4. f4 Nf6 5. Nf3 c5 6. e5 Ng4 7. Bb5+ Bd7 8. Bxd7+
Qxd7 9. d5 dxe5 10. h3 Nh6 11. fxe5 Na6 12. Bf4 Nc7 13. Qd2 Nf5 14. O-O-O h5
15. Ng5 Nd4 16. Kb1 Nxd5 17. Nxd5 Qxd5 18. c3 f6 19. exf6 Qf5+ 20. Qd3 Qxd3+
21. Rxd3 exf6 22. Re1+ Kf8 23. cxd4 fxg5 24. Bd6+ Kg8 25. dxc5 Rh7 26. Re6 Bh6
27. g4 hxg4 28. hxg4 Bg7 29. Rde3 Bd4 30. R3e4 Bh8 31. Rxg6+ Kf7 32. Rxg5 Bf6
33. Rf5 Kg6 34. Re6 Rf7 35. Be5 Raf8 36. b4 1-0

[Event "4NCL/Div2/PPA1 vs. WRO"]
[Site "Coventry ENG"]
[Date "2006.11.11"]
[Round "3.7"]
[White "McCorry, Robert T"]
[Black "Barrett, Steve J"]
[Result "0-1"]
[WhiteElo "2141"]
[BlackElo "2206"]
[PlyCount "80"]
[EventDate "2006.11.11"]
[EventType "team"]
[EventRounds "11"]
[EventCountry "ENG"]
[WhiteTeam "Poisnd Pawns 1"]
[BlackTeam "White Rose"]

1. d4 Nf6 2. c4 g6 3. Nc3 Bg7 4. e4 d6 5. f3 O-O 6. Be3 Nbd7 7. Qd2 c5 8. Nge2
Qa5 9. d5 a6 10. Nc1 e6 11. dxe6 fxe6 12. Be2 b5 13. cxb5 d5 14. Nb3 Qb4 15.
exd5 exd5 16. Bf2 Re8 17. O-O axb5 18. Bxb5 d4 19. Nxd4 cxd4 20. Bxd4 Ne4 21.
fxe4 Qxd4+ 22. Qxd4 Bxd4+ 23. Kh1 Rb8 24. a4 Bxc3 25. bxc3 Rxe4 26. Rad1 Re7
27. c4 Kg7 28. a5 Nc5 29. Rd5 Rc7 30. Rd6 Ra8 31. Ra1 Nb3 32. Ra3 Rxa5 33. Rxa5
Nxa5 34. h4 Nxc4 35. Rd4 Ne3 36. Re4 Nf5 37. Kh2 Bb7 38. Rf4 Rc2 39. Bd3 Rxg2+
40. Kh3 Rg3+ 0-1

[Event "4NCL/Div2/PPA1 vs. WRO"]
[Site "Coventry ENG"]
[Date "2006.11.11"]
[Round "3.8"]
[White "Cumbers, Paul"]
[Black "Sirisena, Chantal N"]
[Result "1-0"]
[WhiteElo "2171"]
[BlackElo "1943"]
[PlyCount "69"]
[EventDate "2006.11.11"]
[EventType "team"]
[EventRounds "11"]
[EventCountry "ENG"]
[WhiteTeam "White Rose"]
[BlackTeam "Poisnd Pawns 1"]

1. e4 d6 2. d4 g6 3. Nc3 Bg7 4. Bg5 c6 5. Qd2 b5 6. Nf3 Nd7 7. Bd3 Ngf6 8. a4
b4 9. Ne2 c5 10. c3 a5 11. Ng3 Bb7 12. Bh6 O-O 13. h4 Rc8 14. h5 c4 15. hxg6
fxg6 16. Bxg7 cxd3 17. Bxf8 Nxf8 18. Qxd3 Qb6 19. c4 b3 20. O-O Ba6 21. Rfc1 e5
22. Ra3 Rb8 23. dxe5 Ng4 24. Qd4 Qxd4 25. Nxd4 Nxe5 26. Rxb3 Rxb3 27. Nxb3 Nxc4
28. Rc2 Ne6 29. Nf1 Kf7 30. Nfd2 Nxd2 31. Rxd2 Ke7 32. f3 h6 33. Nxa5 Nc5 34.
Nc6+ Ke6 35. b4 1-0

[Event "4NCL/Div2/SLOS2 vs. HKF2"]
[Site "Coventry ENG"]
[Date "2006.11.11"]
[Round "3.1"]
[White "Rees, Ioan"]
[Black "Lindner, Daniel"]
[Result "1-0"]
[WhiteElo "2227"]
[BlackElo "2271"]
[PlyCount "73"]
[EventDate "2006.11.11"]
[EventType "team"]
[EventRounds "11"]
[EventCountry "ENG"]
[WhiteTeam "Slough Sharks 2"]
[BlackTeam "H Kingfisher 2"]

1. d4 Nf6 2. c4 e6 3. Nc3 Bb4 4. e3 b6 5. Nge2 O-O 6. a3 Be7 7. e4 d6 8. Ng3
Ne8 9. Be2 f5 10. exf5 exf5 11. Bf3 c6 12. b4 Nc7 13. O-O Bb7 14. Re1 f4 15.
Nge2 Bg5 16. b5 Kh8 17. a4 d5 18. Ba3 Rg8 19. Qc2 dxc4 20. Ne4 Ne8 21. Nxg5
Qxg5 22. Qxc4 cxb5 23. Qxg8+ Kxg8 24. Bxb7 b4 25. Bxb4 a5 26. Bxa8 axb4 27.
Nxf4 Nf6 28. g3 b3 29. Re5 Qg4 30. Rae1 b2 31. Rb5 Nbd7 32. Rxb2 Qf5 33. Bg2
Qa5 34. Rbe2 Qxa4 35. Re8+ Nxe8 36. Bd5+ Kf8 37. Ne6+ 1-0

[Event "4NCL/Div2/SLOS2 vs. HKF2"]
[Site "Coventry ENG"]
[Date "2006.11.11"]
[Round "3.2"]
[White "Richards, Heather"]
[Black "Martyn, Rafe"]
[Result "0-1"]
[WhiteElo "2225"]
[BlackElo "2288"]
[PlyCount "43"]
[EventDate "2006.11.11"]
[EventType "team"]
[EventRounds "11"]
[EventCountry "ENG"]
[WhiteTeam "H Kingfisher 2"]
[BlackTeam "Slough Sharks 2"]

1. e4 c6 2. d4 d5 3. f3 e6 4. Be3 Qb6 5. b3 Nf6 6. c3 c5 7. Bd3 Nc6 8. Ne2 cxd4
9. cxd4 e5 10. Nbc3 exd4 11. Nxd4 dxe4 12. Bb5 Bd7 13. O-O Bb4 14. Qd2 Bxc3 15.
Qxc3 Nd5 16. Qc2 O-O 17. Qxe4 Nxe3 18. Qxe3 Rfe8 19. Qd3 Nxd4 20. Bxd7 Red8 21.
Qe3 Rxd7 22. Rf2 0-1

[Event "4NCL/Div2/SLOS2 vs. HKF2"]
[Site "Coventry ENG"]
[Date "2006.11.11"]
[Round "3.3"]
[White "Williams, Samuel G"]
[Black "Fowler, Simon"]
[Result "1-0"]
[WhiteElo "2245"]
[BlackElo "2201"]
[PlyCount "51"]
[EventDate "2006.11.11"]
[EventType "team"]
[EventRounds "11"]
[EventCountry "ENG"]
[WhiteTeam "Slough Sharks 2"]
[BlackTeam "H Kingfisher 2"]

1. d4 d5 2. c4 e6 3. Nc3 c6 4. Nf3 dxc4 5. a4 Bb4 6. e3 b5 7. Bd2 a5 8. Ne5 Bb7
9. Qf3 Qc7 10. Qg3 Ne7 11. Qxg7 Rf8 12. Ne4 Bxd2+ 13. Kxd2 Nd5 14. Be2 Qe7 15.
Nxf7 Qb4+ 16. Kc1 Rxf7 17. Bh5 c3 18. Qxf7+ Kd8 19. bxc3 Nxc3 20. Nc5 Bc8 21.
Qe8+ Kc7 22. Qe7+ Nd7 23. axb5 Qc4 24. Kd2 Nd5 25. b6+ Kxb6 26. Qd8+ 1-0

[Event "4NCL/Div2/SLOS2 vs. HKF2"]
[Site "Coventry ENG"]
[Date "2006.11.11"]
[Round "3.4"]
[White "McFarland, Robert S"]
[Black "Kahar, Krunal"]
[Result "1/2-1/2"]
[WhiteElo "2238"]
[BlackElo "2220"]
[PlyCount "32"]
[EventDate "2006.11.11"]
[EventType "team"]
[EventRounds "11"]
[EventCountry "ENG"]
[WhiteTeam "H Kingfisher 2"]
[BlackTeam "Slough Sharks 2"]

1. Nf3 Nf6 2. g3 b6 3. Bg2 Bb7 4. O-O e6 5. c4 Be7 6. Nc3 O-O 7. Re1 d5 8. cxd5
exd5 9. d4 Nbd7 10. b3 Bb4 11. Bb2 Ne4 12. Rc1 Qe7 13. e3 Nxc3 14. Bxc3 Ba3 15.
Rc2 a5 16. Qb1 Rfe8 1/2-1/2